Państwa Azji - Quiz na mapie - Statystyki

Ogólne statystyki
  • Ten quiz został rozwiązany 144 razy
    138 od ostatniego zresetowania
  • Średni wynik to 28 z 49
Odpowiedzi na mapie
Odpowiedzi zakodowano w zielono-czerwonej skali na mapie do tego quizu, zgodnie z poniższymi procentami.
 
Statystyki odpowiedzi
Odpowiedź % Poprawnych
Arabia Saudyjska
84%
Turcja
81%
Chiny
71%
Iran
69%
Kazachstan
67%
Indie
66%
Japonia
66%
Korea Północna
66%
Korea Południowa
66%
Cypr
64%
Irak
64%
Mongolia
64%
Afganistan
62%
Izrael
62%
Armenia
60%
Azerbejdżan
60%
Bangladesz
60%
Sri Lanka
60%
Zjednoczone Emiraty Arabskie
60%
Gruzja
59%
Jemen
59%
Malediwy
59%
Nepal
59%
Oman
57%
Bahrajn
55%
Filipiny
55%
Kirgistan
55%
Laos
55%
Pakistan
53%
Palestyna
53%
Indonezja
52%
Jordania
52%
Syria
52%
Tajlandia
52%
Wietnam
52%
Bhutan
50%
Kuwejt
50%
Mjanma
48%
Tajwan
48%
Uzbekistan
48%
Liban
47%
Malezja
47%
Katar
45%
Kambodża
43%
Singapur
43%
Tadżykistan
43%
Turkmenistan
43%
Timor Wschodni
34%
Brunei
33%
Nie znaleziono quizów pasujących do podanych kryteriów
Rozkład punktacji
Procent ludzi z każdym wynikiem
Percentyl według liczby udzielonych odpowiedzi
Twoja historia wyników
Nie rozwiązałeś tego quizu od ostatniego zresetowania